000 00567nam a2200193 i 4500
001 99145
003 ES-MaACL
005 20250418063152.0
007 t|
008 050902s1973 sp ||||1| spa d
100 1 _aMartín, José Luis,
_d1921-
_9143292
245 1 0 _aCrítica estilística /
_cJosé Luis Martín ; prólogo de Helmut A. Hatzfeld.
260 _aMadrid :
_bGredos,
_c1973.
300 _a410 p. ;
_c25 cm.
650 4 _aEstilística.
_912551
700 1 _aHatzfeld, Helmut.
_962079
852 _aES-MaACL
_jC-50777
999 _c99145
_d99145